000 01106namaa22003131i 4500
003 EG-GICUC
005 20260408124649.0
008 260408s2013 ts ||||jr|||| 000 0 ara d
040 _aEG-GiCUC
_bara
_cEG-GiCUC
_dEG-GiCUC
_erda
043 _aa-ts---
082 0 4 _221
_a928.1
_bJ257
092 0 4 _221
_a928.1
_bJ257
099 _a928.1 J257
100 1 _eمؤلف.
245 _aالجائزة العالمية للرواية العربية 2013 /
246 1 _aInternational prize for arabic fiction
264 _aأبو ظبى (الامارات) :
_bهيئة أبو ظبى للسياحة والثقافة،
_c[2013]
300 _a61، 66 صفحة
_bصور،
_c21 سم
336 _2rdacontent
_atext
337 _2rdamedia
_aUnmediated
338 _2rdacarrier
_avolume
541 _aد. جابر عصفور ؛
_bالقاهرة ؛
_cإهداء ؛
_d2024.
546 _aالنص بالعربية والانجليزية
650 1 7 _aالروائيون العرب
_2qrmak
650 1 7 _aالجوائز والمكافأت
_2qrmak
651 1 _2qrmak
905 _aNermeen
942 _2ddc
_cBK
_e21
_n0
999 _c179306
_d179306